| 000 | 00618nam a22001931c 4500 | ||
|---|---|---|---|
| 001 | 326985077 | ||
| 008 | 060418s2001 gw |||| 000u ger d | ||
| 020 |
_a3884749838 _93-88474-983-8 |
||
| 041 | _ager | ||
| 100 | 1 |
_aKuhr-Korolev, Corinna _911670 |
|
| 245 | 0 | 0 |
_aSowjetjugend 1917 - 1941 : _bGeneration zwischen Revolution und Resignation / _cCorinna Kuhr-Korolev ... (Hg.) |
| 264 |
_aEssen : _bKlartext-Verl., _c2001 |
||
| 300 | _a310 S. ; 24 cm | ||
| 700 | 1 |
_aPlaggenborg, Stefan _eVerfasserIn _911671 |
|
| 942 | _cMG | ||
| 040 | _cRU-10907106 | ||
| 003 | RU-10907106 | ||
| 999 |
_c8175 _d8175 |
||
| 546 | _aBeitr. teilw. in dt., teilw. in engl | ||